Steal a brainrot taco - Statistics

General Stats
  • This quiz has been taken 21 times
  • The average score is 7 of 25
Answer Stats
Taco Answer % Correct
Taco Noo my hotspot
55%
Taco Quesadilla crocodilla
55%
Taco Tipi topi taco
55%
Taco Burrito bandito
45%
Taco La taco combinasion
45%
Taco Los burritos
45%
Taco Capi taco
36%
Taco Los quesadillas
36%
Taco Chipso and queso
27%
Taco Gattito tacoto
27%
Taco Los gattitos
27%
Taco Los tipi tacos
27%
Taco Mariachi corazoni
27%
Taco Tacorita bicicleta
27%
Taco Bombardini tortinii
18%
Taco Chillin chili
18%
Taco La cucaracha
18%
Taco Los cucarachas
18%
Taco Perrito burrito
18%
Taco Chihuahini taconini
9%
Taco Los chihuahinis
9%
Taco Quesadillo vampiro
9%
Taco Los nooo my hotspositos
0%
Taco Sammyni fattini
0%
Taco The corniest corn/corn corn sahur
0%
No matching quizzes found
Score Distribution
Percent of People with Each Score
Percentile by Number Answered
Your Score History
You have not taken this quiz